000 00740nam a2200229Ia 4500
003 GCL
005 20240530101850.0
008 140319s9999 xx 000 0 ara d
040 _aGCL /
_cGCL
082 0 4 _a932.094
_bق/م م
100 1 _aمصطفى العبادى
245 1 0 _aمكتبة الاسكندرية القديمة /
_cمصطفى العبادى
260 _aالقاهرة :
_bمكتبة الانجلوالمصرية ،
_c1977
300 _a78 ص ؛
_c24 سم
650 0 4 _aمصر
650 0 4 _aالاسكندرية
650 0 4 _aمكتبة الاسكندرية القديمة
650 0 4 _aالمعارف العامة
650 0 4 _aالمكتبات العامة
650 0 4 _aالمكتبات
942 _2ddc
_cBK
999 _c28295
_d28295